Návrh zdroja tepla na spaľovanie dendromasy pre polyfunkčnú budovu

Gespeichert in:
Bibliographische Detailangaben
1. Verfasser: Mihálik, Rastislav (Verfasst von)
Weitere Verfasser: Muškát, Peter (Betreuung Doktorarbeit)
Format: Manuskript Buch
Sprache:Slowakisch
Veröffentlicht: 2016
Schlagworte:
Online-Zugang:http://is.stuba.sk/zp/portal_zp.pl?podrobnosti=133180
Tags: Tag hinzufügen
Keine Tags, Fügen Sie das erste Tag hinzu!

MARC

LEADER 00000ntm a22000003a 4500
001 stuzp57832
003 SK-STU
005 20160719155357.6
007 ta
008 150427s2015----xo-----f-mn---000-0-slo-d
040 |a STU  |b slo 
041 0 |a slo 
100 1 |a Mihálik, Rastislav  |u 020060  |4 aut  |U SjF Strojnícka fakulta  |T SjF Ústav energetických strojov a zariadení  |X 63063  |U J0060  |Y 805  |7 63063 
242 0 1 |a The concept of a heat source for the combustion of wood-biomass for a multi-functional building  |y eng 
245 1 0 |a Návrh zdroja tepla na spaľovanie dendromasy pre polyfunkčnú budovu 
260 |c 2016 
650 4 |a tepelná strata  |2 slo 
650 4 |a príprava teplej vody  |2 slo 
650 4 |a technológia kotolne  |2 slo 
650 4 |a biomasa  |2 slo 
650 4 |a pelety  |2 slo 
650 4 |a vykurovanie  |2 slo 
650 4 |a zdroj tepla  |2 slo 
650 4 |a biomass  |2 eng 
650 4 |a pellets  |2 eng 
650 4 |a heat loss  |2 eng 
650 4 |a the hot water preparation process  |2 eng 
650 4 |a interior heating  |2 eng 
650 4 |a heat source  |2 eng 
650 4 |a the technology of a boiler-room  |2 eng 
700 1 |a Muškát, Peter  |u 020060  |k Z1  |4 ths  |U SjF Strojnícka fakulta  |T SjF Ústav energetických strojov a zariadení  |X 5022  |U J0060  |Y 805  |7 A00005022 
856 4 |u http://is.stuba.sk/zp/portal_zp.pl?podrobnosti=133180 
996 |b 284J043944  |c J* 2234/BP  |l JJSK  |s A  |a 24  |w stuzp57832_0001 
SQL |a stuzp57832  |b DBP  |c SLO  |d Návrh zdroja tepla na spaľovanie dendromasy pre polyfunkčnú budovu  |e 63063  |f Mihálik, Rastislav  |g 020060  |h 5022  |i Muškát, Peter  |j 20160613  |k 1126  |l 02  |m http://is.stuba.sk/zp/portal_zp.pl?podrobnosti=133180  |n B-ESZ  |o 5.2.6. energetické stroje a zariadenia